Top 5 Songs On Beatles For Sale (The Beatles) - Statistics

General Stats
  • This quiz has been taken 22 times
  • The average score is 4 of 5
Answer Stats
Hint Answer % Correct
123,628,887 Eight Days A Week
100%
32,375,249 No Reply
90%
46,114,793 I'll Follow The Sun
81%
10,401,147 I'm A Loser
67%
15,978,151 Rock And Roll Music
67%
No matching quizzes found
Score Distribution
Percent of People with Each Score
Percentile by Number Answered
Your Score History
You have not taken this quiz